000 00857nam a2200241Ia 4500
003 GCL
008 140319s9999 xx 000 0 ara d
020 _a0569208977
040 _aGCL /
_cGCL
082 0 4 _a324.204
_bح ت
100 1 _aحسام تمام
245 1 0 _aتحولات الاخوان المسلمون :
_bتفكك الأيدلوجيا ونهاية التنظيم /
_cحسام تمام
250 _aالاولى
260 _aالقاهرة :
_bمكتبة مدبولى ،
_c2006
300 _a213 ص ؛
_c24 سم
650 0 4 _aالمجتمع المصرى
650 0 4 _aالانتخابات - مصر
650 0 4 _aمصر - الاحزاب السياسية
650 0 4 _aالاخوان المسلمون - مصر
650 0 4 _aالفساد السياسى - مصر
650 0 4 _aمصر - الاصلاح السياسى
942 _2ddc
_cBK
999 _c9507
_d9507